[Event "TCh-SWE 2003-4"]
[Site "Malmo SWE"]
[Date "2003.11.29"]
[Round "4"]
[White "Hjelm,N"]
[Black "Barkhagen,J"]
[Result "1/2-1/2"]
[WhiteElo "2350"]
[BlackElo "2480"]

1.d4 Nf6 2.c4 e6 3.Nf3 b6 4.a3 Bb7 5.Nc3 d5 6.cxd5 Nxd5 7.Qc2 Nxc3 8.Qxc3 Nd7
9.Bg5 Be7 10.Bxe7 Kxe7 11.g3 Nf6 12.Bg2 Qd6 13.O-O Rad8 14.Rac1 Bxf3 15.Qxf3 Qxd4
16.Qb7 Ne8 17.Bc6 Rf8 18.Qxa7 Qxb2 19.Bxe8 Rdxe8 20.Qxc7+ Kf6 21.Qf4+ Kg6
22.Qg4+ Kh6 23.a4 Rd8 24.Qh4+ Kg6 25.Qe4+ Kf6 26.Rc4 g6 27.Rb1 Qa2 28.Rxb6 Rd2
29.Qf3+ Kg7 30.Qc3+ Kg8 31.Rc8 Rd1+ 32.Kg2 Rdd8 33.Qc4 Qxc4 34.Rxc4 Rd2 35.Kf3 Ra2
36.Rb7 h6 37.h4 Ra8 38.Rcc7 R2xa4 39.Rxf7 Rf8 40.Rxf8+ Kxf8 41.Rh7 Kg8 42.Re7 Ra6
43.e3 Kf8 44.Rh7 Ra5 45.Ke4 Rf5 46.f4 h5 47.Rd7 Ra5 48.Kd4 Rb5 49.e4 Ra5
50.Rc7 Rb5 51.Rc5 Rb7 52.Rc8+ Ke7 53.Kc5 Rb3 54.Rc7+ Kf6 55.e5+ Kf5 56.Rf7+ Kg4
57.Kd6 Rb6+ 58.Kc7 Ra6 59.Rf6 Kxg3 60.Kd7 Kxh4 61.Rxg6 Ra4 62.Rf6 Kg4 63.Kxe6 Rxf4
64.Rxf4+ Kxf4 65.Kf6 h4 66.e6 h3 67.e7 h2 68.e8=Q h1=Q 69.Qe5+ Kg4 70.Qg5+ Kh3
71.Qh5+ Kg2 72.Qg5+ Kf2 73.Qf5+ Qf3 74.Qxf3+ Kxf3  1/2-1/2

[Event "TCh-SWE 2003-4"]
[Site "Malmo SWE"]
[Date "2003.11.29"]
[Round "4"]
[White "Sandstrom,L"]
[Black "Bergstrom,C"]
[Result "1-0"]
[WhiteElo "2357"]
[BlackElo "2420"]

1.d4 Nf6 2.Nf3 e6 3.c4 b6 4.a3 Ba6 5.Qc2 Bb7 6.Nc3 c5 7.dxc5 bxc5 8.Bf4 d6
9.e3 Be7 10.h3 Nbd7 11.Be2 O-O 12.O-O Qb6 13.Rfd1 Rfd8 14.Rab1 a5 15.Rd2 h6
16.Rbd1 e5 17.Bg3 Qc6 18.Nh4 Nb6 19.Bf3 e4 20.Nd5 Nfxd5 21.cxd5 Qa4 22.Bxe4 Bf6
23.Nf5 Qxc2 24.Rxc2 Na4 25.Nxd6 Ba6 26.Rdd2 Ra7 27.Nc4 Nc3 28.bxc3 Bxc4 29.d6 Bb3
30.Rc1 c4 31.Bd5 Ra6 32.e4  1-0

[Event "ch-GRE"]
[Site "Aspropyrgos GRE"]
[Date "2003.11.30"]
[Round "2"]
[White "Nikolaidis,I"]
[Black "Halkias,S"]
[Result "1/2-1/2"]
[WhiteElo "2467"]
[BlackElo "2546"]

1.d4 e6 2.c4 Nf6 3.Nf3 b6 4.a3 c5 5.d5 Ba6 6.Qc2 exd5 7.cxd5 g6 8.Nc3 Bg7
9.g3 O-O 10.Bg2 d6 11.O-O Nbd7 12.Bf4 Ne8 13.Rfe1 Ne5 14.Bxe5 dxe5 15.Rad1 Nd6
16.Ne4 Nxe4 17.Qxe4 Qd6 18.Qc2 Bh6 19.e4 Bc8 20.b4 cxb4 21.axb4 Bd7 22.Qb2 f6
23.b5 Rfc8 24.Ra1 Rc7 25.Bf1  1/2-1/2

[Event "ch-GRE"]
[Site "Aspropyrgos GRE"]
[Date "2003.12.01"]
[Round "3"]
[White "Banikas,H"]
[Black "Mastrovasilis,A"]
[Result "1-0"]
[WhiteElo "2522"]
[BlackElo "2500"]

1.d4 Nf6 2.c4 e6 3.Nf3 b6 4.a3 Bb7 5.Nc3 d5 6.cxd5 Nxd5 7.Qc2 Nxc3 8.bxc3 c5
9.e4 Nd7 10.Bd3 Qc7 11.Qa2 Nf6 12.Bb5+ Bc6 13.Bf4 Qb7 14.Qe2 Bxb5 15.Qxb5+ Qd7
16.Qxd7+ Nxd7 17.O-O Be7 18.d5 exd5 19.exd5 O-O-O 20.Rae1 Rhe8 21.c4 Bf6
22.Ng5 Bxg5 23.Bxg5 f6 24.Bf4 Nf8 25.g4 Kd7 26.Bg3 Rxe1 27.Rxe1 Re8 28.Rxe8 Kxe8
29.Kg2 Kd7 30.Kf3 a6 31.a4 Ng6 32.Ke4 Ne7 33.Bb8 Nc8 34.f4 Nd6+ 35.Bxd6 Kxd6
36.a5 bxa5 37.Kd3 g5 38.fxg5 fxg5 39.Kc3 Kc7 40.Kb3 Kb7 41.Ka4 Kb6 42.h3 h6
43.d6 Kc6 44.Kxa5 Kxd6 45.Kxa6 Ke5 46.Kb6  1-0

[Event "33rd Rilton Cup"]
[Site "Stockholm SWE"]
[Date "2003.12.03"]
[Round "7"]
[White "Hjelm,N"]
[Black "Lehikoinen,P"]
[Result "1/2-1/2"]
[WhiteElo "2350"]
[BlackElo "2235"]

1.d4 Nf6 2.c4 e6 3.Nf3 b6 4.a3 Ba6 5.Qc2 Bb7 6.Nc3 c5 7.e4 cxd4 8.Nxd4 Bc5
9.Nb3 Nc6 10.Bg5 h6 11.Bh4 Nd4 12.Nxd4 Bxd4 13.Bd3 Qb8 14.Bg3 Be5 15.O-O-O O-O
16.Kb1 Rc8 17.Qe2 d6 18.Bxe5 dxe5 19.f3 Ne8 20.Rc1 Qd6 21.Ka2 Nc7 22.Rhd1 Qe7
23.b4 Na6 24.Qe3 Nb8 25.Bf1 Nc6 26.Kb2 Rd8 27.Ne2 Rxd1 28.Rxd1 Rd8 29.Rd3 Rxd3
30.Qxd3 a5 31.b5 Nb8 32.Nc3 Nd7 33.Na4 Nc5 34.Nxc5 Qxc5 35.Qd8+ Kh7 36.Bd3 Bc8
37.h4 Kg6 38.g4 Bb7 39.h5+ Kh7 40.Qd7 Qf2+ 41.Bc2 Ba8 42.Qd8 Bb7 43.Qd7 Ba8
44.Qd6 Qxf3 45.Qxb6 Bxe4 46.Qc6 f5 47.Qxe6 Qe2 48.Qg6+ Kh8 49.Qe8+ Kh7 50.Qg6+  1/2-1/2

[Event "Attila Schneder Mem"]
[Site "Budapest HUN"]
[Date "2003.12.06"]
[Round "6"]
[White "Galyas,M"]
[Black "Szilagyi,P"]
[Result "1-0"]
[WhiteElo "2435"]
[BlackElo "2434"]

1.d4 Nf6 2.c4 e6 3.Nf3 b6 4.a3 Ba6 5.Qc2 Bb7 6.Nc3 c5 7.dxc5 Bxc5 8.Bf4 a6
9.e3 Nh5 10.Bg3 Be7 11.Be2 d6 12.Rd1 Qc7 13.Qd3 Nxg3 14.hxg3 h6 15.Qd4 O-O
16.g4 Bxf3 17.gxf3 Nc6 18.Qe4 Rfe8 19.Bd3 g6 20.Qf4 Bg5 21.Qh2 Ne5 22.Be2 Nxc4
23.Ne4 Nxb2 24.Nxg5 Qc3+ 25.Kf1 Nxd1 26.Qxh6 Nxe3+ 27.fxe3 Qg7 28.Qh4 f6
29.Ne4 g5 30.Qe1 d5 31.Ng3 Qc7 32.Qb1 Rac8 33.Kf2 d4 34.exd4 Qc2 35.Ne4 Kg7
36.Qxb6 Rh8 37.Rxh8 Rxh8 38.Qb7+ Kg6 39.Qe7 Rh2+ 40.Kg3  1-0

[Event "TCh-CZE Extraliga 2003-4"]
[Site "Czech Rep CZE"]
[Date "2003.12.06"]
[Round "3"]
[White "Babula,V"]
[Black "Hracek,Z"]
[Result "1/2-1/2"]
[WhiteElo "2567"]
[BlackElo "2578"]

1.d4 Nf6 2.c4 e6 3.Nf3 b6 4.a3 Bb7 5.Nc3 d5 6.cxd5 Nxd5 7.Qc2 Nxc3 8.bxc3 Nd7
9.e4 c5 10.Bd3 Qc7 11.Qb1 g6 12.O-O Bg7 13.Be3  1/2-1/2

[Event "TCh-AUT B Mitte 2003-4"]
[Site "Trofaiach AUT"]
[Date "2003.12.06"]
[Round "3"]
[White "Genser,H"]
[Black "Stohl,I"]
[Result "1/2-1/2"]
[WhiteElo "2263"]
[BlackElo "2556"]

1.d4 Nf6 2.c4 e6 3.Nf3 b6 4.a3 c5 5.d5 Ba6 6.Qc2 exd5 7.cxd5 Bb7 8.e4 Qe7
9.Bd3 Nxd5 10.O-O Nc7 11.Bg5 f6 12.Bh4 Nc6 13.e5 O-O-O 14.Re1 Ne6 15.exf6 gxf6
16.Nc3 Qg7 17.Bg3 Bd6 18.Nb5 Bxg3 19.hxg3 Kb8 20.Qc3 Qf8 21.Qd2 a6 22.Nc3 Ncd4
23.Nxd4 cxd4 24.Ne2 h5 25.Nxd4 h4 26.Nf5 hxg3 27.Nxg3 Qd6  1/2-1/2

[Event "TCh-CZE Extraliga 2003-4"]
[Site "Czech Rep CZE"]
[Date "2003.12.07"]
[Round "4"]
[White "Obsivac,J"]
[Black "Berezjuk,S"]
[Result "0-1"]
[WhiteElo "2361"]
[BlackElo "2358"]

1.d4 Nf6 2.c4 e6 3.Nf3 b6 4.a3 Bb7 5.Nc3 d5 6.Bg5 Be7 7.Qa4+ Bc6 8.Qb3 O-O
9.e3 Nbd7 10.Be2 dxc4 11.Qxc4 Bb7 12.O-O c5 13.Rfd1 Nd5 14.Bxe7 Qxe7 15.b4 Rac8
16.Rdc1 Nxb4 17.axb4 cxb4 18.Qb3 Rxc3 19.Rxc3 bxc3 20.Rxa7 Bxf3 21.Bxf3 Rc8
22.Bd1 Qd6 23.Bc2 g6 24.g3 Nf6 25.Rb7 Nd5 26.e4 Nb4 27.d5 exd5 28.exd5 Qxd5
29.Rxb6 Qxb3 30.Bxb3 c2 31.Bxc2 Nxc2 32.h4 Nd4 33.Kh2 h5 34.Rd6 Nf5 35.Rd2 Rc4
36.Kh3 Kg7  0-1

[Event "22nd SEA Games Standard"]
[Site "Ho Chi Minh City VIE"]
[Date "2003.12.09"]
[Round "2"]
[White "Chan Peng Kong"]
[Black "Thamtavatvorn,T"]
[Result "1-0"]
[WhiteElo "2344"]
[BlackElo "2231"]

1.d4 Nf6 2.Nf3 e6 3.c4 b6 4.a3 Ba6 5.Qc2 Bb7 6.Nc3 c5 7.e4 cxd4 8.Nxd4 Bc5
9.Nb3 Nc6 10.Be2 Nd4 11.Nxd4 Bxd4 12.Bf3 Qb8 13.O-O h5 14.Ne2 Be5 15.g3 Qc7
16.Bg5 Qc6 17.Rfe1 Rc8 18.Rac1 b5 19.c5 d6 20.b4 Nd7 21.Be3 dxc5 22.bxc5 Qa6
23.Qb3 Bf6 24.Bg2 Be7 25.Qb2 O-O 26.Bd4 g6 27.Nf4 Kh7 28.Nd3 Qa5 29.Red1 Rfd8
30.h4 Nxc5 31.Bxc5 Bxc5 32.Qf6 Kg8 33.Nxc5  1-0

[Event "ch-IND National A"]
[Site "Calicut IND"]
[Date "2003.12.12"]
[Round "12"]
[White "Sriram,J"]
[Black "Bakre,T"]
[Result "1/2-1/2"]
[WhiteElo "2458"]
[BlackElo "2443"]

1.d4 Nf6 2.c4 e6 3.Nf3 b6 4.a3 Bb7 5.Nc3 d5 6.cxd5 exd5 7.g3 Be7 8.Bg2 O-O
9.O-O Nbd7 10.Qc2 Re8 11.Bf4 Bd6 12.Bxd6 cxd6 13.Qb3 Nf8 14.Rfd1 Ne6 15.Ne1 Ng5
16.Rac1 Nge4 17.e3 Nxc3 18.Rxc3 Rc8 19.Rdc1 Qd7 20.Rxc8 Rxc8 21.Rxc8+ Qxc8
22.Qc2 Qxc2 23.Nxc2 Kf8 24.Kf1 Ke7 25.Ke1 h6 26.Bf1 Ne8 27.b4 a6 28.a4 Nc7
29.a5 b5 30.Bh3 Bc6 31.Kd2 Bd7 32.Bg2 g5 33.Ne1 Bf5 34.f3 Bg6 35.Nd3 Bxd3
36.Kxd3 f5 37.Bh3 Kf6 38.Bg2 h5 39.h3 h4 40.gxh4 gxh4 41.f4  1/2-1/2

[Event "II Manuel Pereyra Puebla Mem"]
[Site "Mendoza ARG"]
[Date "2003.12.13"]
[Round "9"]
[White "Alonso,S"]
[Black "Monier,R"]
[Result "1-0"]
[WhiteElo "2484"]
[BlackElo "2405"]

1.Nf3 Nf6 2.c4 e6 3.d4 b6 4.a3 Ba6 5.Qc2 Bb7 6.Nc3 c5 7.e4 cxd4 8.Nxd4 Nc6
9.Nxc6 Bxc6 10.Bf4 Bc5 11.Be2 O-O 12.Rd1 a5 13.O-O Qe7 14.Rfe1 e5 15.Bc1 Bd4
16.Nd5 Bxd5 17.cxd5 Rfc8 18.Qd3 h6 19.Rf1 Rc5 20.Qf3 Rac8 21.Bd3 d6 22.h3 Nh7
23.b4 Rc3 24.bxa5 bxa5 25.a4 Ng5 26.Qg4 Qf6 27.Bd2 R3c5 28.h4 Nh7 29.Bxa5 h5
30.Qh3 Ra8 31.Bb4 Rcc8 32.a5 Rcb8 33.Rb1 Qf4 34.Kh1 Nf6 35.f3 Qe3 36.Rfd1 Ne8
37.Qg3 Rd8 38.Qe1 Qf2 39.Qxf2 Bxf2 40.a6 Nc7 41.Ba5 Rdc8 42.Rbc1 Bc5 43.Rxc5 dxc5
44.d6 Ne6 45.d7 Rcb8 46.Bc4 Nd8 47.Bc7 Rb4 48.Bd5 Ra7 49.Bb7  1-0

[Event "TCh-BEL 2003-4"]
[Site "Belgium BEL"]
[Date "2003.12.14"]
[Round "1"]
[White "De Haan,E"]
[Black "Talon,A"]
[Result "1-0"]
[WhiteElo "2264"]
[BlackElo "2097"]

1.d4 e6 2.c4 Nf6 3.Nf3 b6 4.a3 Ba6 5.Qc2 Bb7 6.Nc3 c5 7.dxc5 bxc5 8.Bf4 d6
9.Rd1 Qb6 10.e3 Be7 11.Be2 O-O 12.O-O Nbd7 13.Rd2 Rab8 14.Rfd1 e5 15.Bg5 h6
16.Bh4 a6 17.Bd3 Rfe8 18.Bf5 Rbd8 19.Ne4 Nxe4 20.Bxe4 Bxe4 21.Qxe4 Bxh4 22.Nxh4 Nf6
23.Qf3 e4 24.Qg3 Re6 25.Nf5 Ne8 26.Qh4 Rd7 27.h3 Qb3 28.Rc1 Re5 29.Nxh6+ gxh6
30.Qg4+  1-0

[Event "RUS-UKR Blitz g/3"]
[Site "bereg.ru INT"]
[Date "2003.12.14"]
[Round "1"]
[White "Riazantsev,A"]
[Black "Zubov,A UKR"]
[Result "1-0"]
[WhiteElo "2572"]
[BlackElo "2521"]

1.d4 Nf6 2.c4 e6 3.Nf3 b6 4.a3 Bb7 5.Nc3 Be7 6.d5 O-O 7.e4 d6 8.Bd3 exd5
9.cxd5 c6 10.dxc6 Nxc6 11.O-O Ne5 12.Re1 Nxd3 13.Qxd3 d5 14.exd5 Nxd5 15.Nxd5 Bxd5
16.Rxe7 Qxe7 17.Qxd5 Rfd8 18.Qb3 Qe4 19.Be3 h6 20.Rc1 Rd3 21.Qc2 Qd5 22.h3 Rd8
23.Qe2 Qb3 24.Kh2 Qe6 25.Qc2 Qd6+ 26.Kg1 Qd5 27.Bf4 Qe4 28.Bg3 g5 29.Kh2 Qd5
30.Re1 Qb3 31.Qe2 Qd5 32.Qe4 Qxe4 33.Rxe4 Rb3 34.Re2 Rd1 35.Be5 Kh7 36.Bc3 Rd5
37.Nd4 Rxc3 38.bxc3  1-0

[Event "RUS-UKR Blitz g/3"]
[Site "bereg.ru INT"]
[Date "2003.12.14"]
[Round "2"]
[White "Rustemov,A"]
[Black "Komarov,D"]
[Result "1/2-1/2"]
[WhiteElo "2604"]
[BlackElo "2566"]

1.d4 Nf6 2.c4 e6 3.Nf3 b6 4.a3 Bb7 5.Nc3 d5 6.Bg5 Be7 7.Bxf6 Bxf6 8.cxd5 exd5
9.Qa4+ Qd7 10.e3 Qxa4 11.Nxa4 Nd7 12.Rc1 c6 13.Bd3 O-O 14.Kd2 Rfe8 15.b4 Rac8
16.Rc2 Be7 17.Rhc1 Bd6 18.g3 g6 19.Ra1 Kg7 20.Nc3 Nf6 21.Ke2 Ne4 22.Rac1 Nf6
23.Kf1 Nd7 24.Nd2 c5 25.Nb5 Bb8 26.dxc5 bxc5 27.bxc5 Ne5 28.Be2 Red8 29.Nd4 Bc6
30.N2f3 Ba4 31.Rc3 Nc6 32.Nxc6 Bxc6 33.Nd4 Be5 34.Rb1 Bd7 35.Bd3 Bh3+ 36.Ke2 Rc7
37.Kd2 Rdc8 38.Rbc1 h5 39.c6 Bxd4 40.exd4 Rb8 41.Ba6 Rb6 42.Bb7 Kf6 43.Re1 Bf5
44.Re5 Rb2+ 45.Ke3 Rbxb7 46.Rxd5 Rb6 47.Rdc5  1/2-1/2

[Event "RUS-UKR Blitz g/3"]
[Site "bereg.ru INT"]
[Date "2003.12.14"]
[Round "4"]
[White "Rustemov,A"]
[Black "Zontakh,A"]
[Result "1/2-1/2"]
[WhiteElo "2604"]
[BlackElo "2531"]

1.d4 Nf6 2.Nf3 e6 3.c4 b6 4.a3 Bb7 5.Nc3 d5 6.Bg5 Be7 7.Bxf6 Bxf6 8.cxd5 exd5
9.Qa4+ c6 10.g3 O-O 11.Bg2 Re8 12.O-O Na6 13.Rfd1 Nc7 14.e3 Ne6 15.Rac1 Qe7
16.b4 a6 17.Qb3 b5 18.Ne2 a5 19.Ne1 h5 20.h4 g6 21.Nd3 Bg7 22.Ra1 a4 23.Qc3 Rad8
24.Rac1 Rf8 25.Nc5 Nxc5 26.Qxc5 Qxc5 27.Rxc5 Rd6 28.Nf4 Re8 29.Rdc1 Bh6 30.Nd3 f6
31.Bh3 Kf7 32.R5c3 Bf8 33.Nc5 Bc8 34.Bxc8 Rxc8 35.Nb7 Rd7 36.Na5 Rdc7 37.Rxc6 Rxc6
38.Rxc6 Rxc6 39.Nxc6 Ke8 40.Na7 Bxb4 41.Nxb5 Ba5 42.Kf1 Kd7 43.Ke2 Kc6 44.Na7+ Kb7
45.Nb5 Kc6 46.Na7+ Kb7 47.Nb5 Kc6  1/2-1/2

[Event "RUS-UKR Blitz g/3"]
[Site "bereg.ru INT"]
[Date "2003.12.14"]
[Round "12"]
[White "Eljanov,P"]
[Black "Virovlansky,S"]
[Result "1-0"]
[WhiteElo "2597"]
[BlackElo "2438"]

1.d4 Nf6 2.Nf3 e6 3.c4 b6 4.a3 Bb7 5.Nc3 d5 6.cxd5 Nxd5 7.e3 Be7 8.Bb5+ c6
9.Bd3 O-O 10.e4 Nxc3 11.bxc3 c5 12.O-O Nd7 13.e5 Qc7 14.Qe2 Rac8 15.h4 h6
16.Be3 Rfd8 17.Nd2 Nf8 18.Qg4 Kh8 19.Ne4 cxd4 20.cxd4 Bxe4 21.Bxe4 Qc3 22.Qh5 Kg8
23.a4 Rc4 24.Rad1 Qa5 25.Rd3 Qxa4 26.Bxh6 Rcxd4 27.Bxg7 Kxg7 28.Rg3+ Ng6
29.Bxg6 Rxh4 30.Bxf7+ Kf8 31.Rg8+  1-0

[Event "Bundesliga 2003-4"]
[Site "Bremen GER"]
[Date "2003.12.14"]
[Round "6"]
[White "Krasenkow,M"]
[Black "Stefansson,H"]
[Result "1-0"]
[WhiteElo "2597"]
[BlackElo "2567"]

1.Nf3 Nf6 2.c4 e6 3.d4 b6 4.a3 Bb7 5.Nc3 d5 6.cxd5 Nxd5 7.Qc2 Nxc3 8.bxc3 Be7
9.e4 O-O 10.Bd3 c5 11.O-O Qc8 12.Qe2 Ba6 13.Rd1 Bxd3 14.Rxd3 Nd7 15.e5 cxd4
16.cxd4 Qc4 17.Bg5 Bd8 18.Rad1 Qd5 19.h4 Re8 20.h5 f6 21.Bf4 b5 22.h6 g6
23.exf6 Bxf6 24.Ne5 Rad8 25.Ng4 Rc8 26.Be5 Be7 27.Bg7 Bf8 28.Bxf8 Kxf8 29.Re3 Re7
30.Qd2 Qd6 31.Qb2 Qd5 32.Qb4 Re8 33.Rf3+ Kg8 34.Rc1 Qg5 35.Rc7 a5 36.Qd6  1-0

[Event "ch-IND National A"]
[Site "Calicut IND"]
[Date "2003.12.16"]
[Round "19"]
[White "Sriram,J"]
[Black "Prathamesh,S"]
[Result "1/2-1/2"]
[WhiteElo "2458"]
[BlackElo "2379"]

1.d4 Nf6 2.c4 e6 3.Nf3 b6 4.a3 Ba6 5.Qc2 Bb7 6.Nc3 c5 7.e4 cxd4 8.Nxd4 d6
9.Be2 Be7 10.Be3 a6 11.O-O O-O 12.Rfd1 Qc7 13.Rac1 Nbd7 14.f3 Rac8 15.Bf1 Qb8
16.b4 Rfe8 17.Qf2 g6 18.Nb3 d5 19.cxd5 exd5 20.Nxd5 Nxd5 21.Rxc8 Rxc8 22.exd5 Bd6
23.Qh4  1/2-1/2

[Event "Christmas Open"]
[Site "Zadar CRO"]
[Date "2003.12.16"]
[Round "3"]
[White "Kozul,Z"]
[Black "Jankovic,A"]
[Result "1-0"]
[WhiteElo "2597"]
[BlackElo "2383"]

1.d4 Nf6 2.c4 e6 3.Nf3 b6 4.a3 Ba6 5.Nbd2 d5 6.e3 Be7 7.Qc2 Bb7 8.b4 a5 9.b5 Nbd7
10.Bd3 c6 11.bxc6 Bxc6 12.cxd5 Bxd5 13.O-O Rc8 14.Qb1 Bb7 15.e4 h6 16.Bb2 O-O
17.Bb5 Rc7 18.Re1 Qa8 19.a4 Ba6 20.Bxa6 Qxa6 21.Ba3 Bxa3 22.Rxa3 Rfc8 23.h3 Rc3
24.Rxc3 Rxc3 25.e5 Nd5 26.Ne4 Rc6 27.Nd6 Rc3 28.Qe4 Nf8 29.Qh4 Qa8 30.Nd2 Ng6
31.Qg4 Qc6 32.Kh2 Rc1 33.Qf3 f5 34.Rxc1 Qxc1 35.N2c4 Qf4+ 36.Qxf4 Ngxf4 37.g3 Ne2
38.Nb5 g5 39.Kg2 f4 40.g4 Kf8 41.f3 Ne3+ 42.Kf2 Nxd4 43.Nbd6 Nxc4 44.Nxc4 Nc6
45.Ke2 Nd4+ 46.Kd3 Nxf3 47.Ke4 Ng1 48.Nxb6 f3 49.Ke3 f2 50.Kxf2 Nxh3+ 51.Ke3 Nf4
52.Kd4 Kf7 53.Kc5 Kg6 54.Nc4 h5 55.gxh5+ Kxh5 56.Nxa5 g4 57.Nc4 Nd5  1-0

[Event "ch-IND National A"]
[Site "Calicut IND"]
[Date "2003.12.18"]
[Round "21"]
[White "Sriram,J"]
[Black "Kunte,A"]
[Result "1/2-1/2"]
[WhiteElo "2458"]
[BlackElo "2535"]

1.d4 Nf6 2.c4 e6 3.Nf3 b6 4.a3 Ba6 5.Qc2 Bb7 6.Nc3 c5 7.e4 cxd4 8.Nxd4 Bc5
9.Nb3 Nc6 10.Bg5 Nd4 11.Nxd4 Bxd4 12.Bd3 h6 13.Bh4 Qb8 14.Bg3 Be5 15.O-O-O O-O
16.Kb1 d6 17.Bxe5 dxe5 18.f3 Qc7 19.Be2 Rfc8 20.Rd2 Ba6 21.Qa4 Bb7 22.Rhd1 Bc6
23.Qb4 Be8 24.Qd6 Qxd6 25.Rxd6 Kf8 26.b4 Ke7 27.Kb2 Bc6 28.R6d2 Rd8 29.Rxd8 Rxd8
30.Rxd8 Kxd8 31.Kb3 Nd7 32.c5 bxc5 33.b5 Bb7 34.a4 Kc7 35.a5 Kd6 36.Na4 Bc8
37.Bd3 Bb7 38.Kc4 Bc8 39.a6 Nb6+ 40.Nxb6 axb6 41.Kc3 Kc7 42.g3 Kb8 43.f4 exf4
44.gxf4 f6 45.Kd2 Bd7 46.h4 e5 47.f5  1/2-1/2

[Event "Lindsborg Open"]
[Site "Kansas USA"]
[Date "2003.12.22"]
[Round "8"]
[White "Sharavdorj,D"]
[Black "Tsyganov,I"]
[Result "1-0"]
[WhiteElo "2411"]
[BlackElo "2317"]

1.Nf3 Nf6 2.c4 b6 3.d4 e6 4.a3 Ba6 5.Qc2 Bb7 6.Nc3 c5 7.e4 cxd4 8.Nxd4 d6
9.Be2 Be7 10.Be3 a6 11.O-O O-O 12.Rfd1 Qc7 13.f3 Nbd7 14.Rac1 Rac8 15.Bf1 Qb8
16.Qf2 Rfe8 17.b4 Bd8 18.Nb3 Bc7 19.g3 Ne5 20.Be2 Ba8 21.Na4 b5 22.cxb5 axb5
23.Nb6 Bxb6 24.Bxb6 Nc4 25.Ba7 Qb7 26.Na5 Nxa5 27.bxa5 Rxc1 28.Rxc1 Nxe4
29.Qb6 Nd2 30.Qxb7 Bxb7 31.Bxb5 Rc8 32.Rxc8+ Bxc8 33.Kf2 Bb7 34.a6 Bc8 35.Ke3 Nb1
36.a4 Nc3 37.Bb8 Bxa6 38.Bxa6 Nxa4 39.Bxd6 Nb6 40.Kd4  1-0

[Event "33rd Rilton Cup"]
[Site "Stockholm SWE"]
[Date "2003.12.31"]
[Round "5"]
[White "Hjelm,N"]
[Black "Kulaots,K"]
[Result "1/2-1/2"]
[WhiteElo "2350"]
[BlackElo "2530"]

1.d4 Nf6 2.c4 e6 3.Nf3 b6 4.a3 Bb7 5.Nc3 d5 6.cxd5 Nxd5 7.Qc2 Nxc3 8.Qxc3 h6
9.Bf4 Bd6 10.Bg3 O-O 11.e3 Nd7 12.Bb5 Nf6 13.Bc6 Nd5 14.Qc4 Bxc6 15.Qxc6 Ne7
16.Qa4 c5 17.dxc5 Bxg3 18.hxg3 bxc5 19.O-O Qb6 20.Rac1 Qxb2 21.Rxc5 Nd5 22.Rfc1 Rfd8
23.R5c2 Qb6 24.Rc6 Qb2 25.R6c2 Qb6 26.Rc6 Qb2  1/2-1/2

[Event "Hilton Chess Festival"]
[Site "Basel SUI"]
[Date "2004.01.04"]
[Round "7"]
[White "Nemet,I"]
[Black "Xheladini,M"]
[Result "1-0"]
[WhiteElo "2383"]
[BlackElo "2262"]

1.d4 Nf6 2.Nf3 e6 3.c4 b6 4.a3 Bb7 5.Nc3 d5 6.cxd5 Nxd5 7.e3 Nxc3 8.bxc3 Nd7
9.Bd3 Bd6 10.e4 e5 11.O-O O-O 12.a4 a6 13.Re1 h6 14.g3 c6 15.Nh4 Re8 16.Nf5 Bf8
17.Bf1 Kh7 18.Ba3 Bxa3 19.Rxa3 Re6 20.Qb1 g6 21.Nh4 Qc7 22.Bh3 Re7 23.Nf3 f6
24.a5 b5 25.Bg4 Rae8 26.h4 Nf8 27.h5 g5 28.Bf5+ Kg7 29.dxe5 fxe5 30.c4 Rd8
31.Rc1 Qd6 32.Ra2 Qf6 33.Nh2 Rd4 34.Ng4 Qd6 35.Ne3 Qf6 36.c5 Kh8 37.Bg4 Re8
38.Nf5 Bc8 39.Nxd4 Bxg4 40.Nf5 Ne6 41.Rd2 Bxf5 42.exf5 Nd4 43.Qe4 Rd8 44.Kg2 Rd5
45.Rd3 Kg7 46.Re1 Qd8 47.Rxd4 exd4 48.f6+ Qxf6 49.Qe8 d3 50.Re7+ Qxe7 51.Qxe7+ Kg8
52.Qe8+ Kg7 53.Qxc6  1-0

[Event "10th Open"]
[Site "Bosnjaci CRO"]
[Date "2004.01.05"]
[Round "4"]
[White "Loncar,R"]
[Black "Ljubic,J"]
[Result "1-0"]
[WhiteElo "2363"]
[BlackElo "2241"]

1.d4 Nf6 2.c4 e6 3.Nf3 b6 4.a3 Bb7 5.Nc3 Be7 6.d5 O-O 7.e4 d6 8.Bd3 exd5
9.cxd5 Nbd7 10.O-O Ne5 11.Nd4 Nxd3 12.Qxd3 Re8 13.Nf5 Bf8 14.Bg5 Bc8 15.Nd4 Bd7
16.f4 Be7 17.Rae1 h6 18.Bxf6 Bxf6 19.Re3 Rc8 20.Rfe1 c6 21.dxc6 Bxc6 22.Nf5 Re6
23.Rd1 Bxc3 24.Qxc3 Qf8 25.Qd4 Rd8 26.e5 d5 27.Rc1 Qe8 28.Rg3 Rg6 29.Rxc6  1-0

[Event "TCh-FIN 2003-4"]
[Site "Finland FIN"]
[Date "2004.01.10"]
[Round "6"]
[White "Tuominen,R"]
[Black "Salo,H"]
[Result "1-0"]
[WhiteElo "2229"]
[BlackElo "2310"]

1.d4 Nf6 2.c4 e6 3.Nf3 b6 4.a3 Ba6 5.Qc2 Bb7 6.Nc3 c5 7.e4 cxd4 8.Nxd4 Bc5
9.Nb3 Nc6 10.Bg5 Nd4 11.Nxd4 Bxd4 12.Nb5 Be5 13.f4 Bb8 14.e5 h6 15.exf6 hxg5
16.fxg7 Rg8 17.Qh7 Ke7 18.Bd3 Bxf4 19.Qh6 Qb8 20.O-O Qe5 21.Rae1 Qxb2 22.Be4 Bxe4
23.Rxe4 Qxg7 24.Qh3 Rh8 25.Qd3 Bxh2+ 26.Kf2 Qb2+ 27.Kf3 f5 28.Re2 Qf6 29.g3 e5
30.Kg2 f4 31.Rfe1 Qc6+ 32.Re4 Bxg3 33.Nd4 Rh2+ 34.Kg1 Qh6 35.Nf5+  1-0

[Event "ch-Commonwealth"]
[Site "Mumbai IND"]
[Date "2004.01.10"]
[Round "1"]
[White "Lahiri,A"]
[Black "Bakre,T"]
[Result "1/2-1/2"]
[WhiteElo "2325"]
[BlackElo "2446"]

1.d4 Nf6 2.c4 e6 3.Nf3 b6 4.a3 Bb7 5.Nc3 d5 6.cxd5 exd5 7.g3 Bd6 8.Bg2 O-O
9.Bf4 Bxf4 10.gxf4 Ne4 11.e3 Nd7 12.O-O c5 13.Rc1 cxd4 14.Nxd4 Ndc5 15.b4 Nxc3
16.Rxc3 Ne4 17.Bxe4 dxe4 18.Qg4 Rc8 19.Rfc1 Rxc3 20.Rxc3 g6 21.Qg5 Qd7 22.f5 Rc8
23.Rxc8+ Bxc8 24.Kf1 Qd5 25.Qe7 Bxf5 26.Nxf5 gxf5 27.Qxa7 Qd1+ 28.Kg2 Qf3+  1/2-1/2

[Event "Excelsior Cup"]
[Site "Goteborg SWE"]
[Date "2004.01.12"]
[Round "5"]
[White "Akesson,J"]
[Black "Berg,E"]
[Result "1-0"]
[WhiteElo "2333"]
[BlackElo "2495"]

1.d4 Nf6 2.Nf3 e6 3.c4 b6 4.a3 Bb7 5.Nc3 d5 6.Bg5 Be7 7.Qa4+ c6 8.Bxf6 Bxf6
9.cxd5 exd5 10.g3 O-O 11.Bg2 c5 12.Rd1 c4 13.O-O a6 14.Ne5 b5 15.Qc2 Qd6
16.e4 Bxe5 17.dxe5 Qxe5 18.f4 Qd6 19.Nxd5 Nd7 20.Qf2 Rad8 21.Rd2 Bxd5 22.Rxd5 Qc7
23.Rfd1 Nb6 24.R5d4 Na4 25.e5 Rxd4 26.Qxd4 c3 27.bxc3 Nxc3 28.Re1 Rd8 29.Qe3 Nd1
30.Qe2 Qc5+ 31.Kf1 Nc3 32.Qe3 Qc4+ 33.Kg1 a5 34.f5 b4 35.e6 fxe6 36.fxe6 Re8
37.e7 Qc8 38.axb4 axb4 39.Qd4 b3 40.Qb4 Kh8 41.Rf1 h6 42.Be4 Ne2+ 43.Kg2 g5
44.Qd6  1-0

[Event "ch-Commonwealth"]
[Site "Mumbai IND"]
[Date "2004.01.14"]
[Round "5"]
[White "Babu,NS"]
[Black "Sundararajan,K"]
[Result "1/2-1/2"]
[WhiteElo "2339"]
[BlackElo "2437"]

1.d4 Nf6 2.c4 e6 3.Nf3 b6 4.a3 Bb7 5.Nc3 d5 6.cxd5 Nxd5 7.Qa4+ c6 8.Nxd5 exd5
9.g3 Bd6 10.Bg2 O-O 11.O-O Re8 12.Re1 Nd7 13.Qc2 c5 14.b3 Rc8 15.Bb2 Nf6
16.dxc5 bxc5 17.e3 Ne4 18.Nd2 f5 19.Rad1 Rc7 20.f3 Nxd2 21.Qxd2 Rd7 22.f4 Bf8
23.Be5 d4 24.Bxb7 Rxb7 25.exd4 cxd4 26.b4 Rd7 27.Qd3 a5 28.Re2 axb4 29.axb4 Qb6
30.Qc4+ Qe6 31.Qxe6+ Rxe6 32.Rb2  1/2-1/2

[Event "Excelsior Cup"]
[Site "Goteborg SWE"]
[Date "2004.01.16"]
[Round "9"]
[White "Akesson,J"]
[Black "Meijers,V"]
[Result "1-0"]
[WhiteElo "2333"]
[BlackElo "2499"]

1.d4 Nf6 2.c4 e6 3.Nf3 b6 4.a3 Bb7 5.Nc3 Be7 6.d5 O-O 7.e4 d6 8.Be2 a5 9.Rb1 Nbd7
10.O-O Nc5 11.Qc2 a4 12.Be3 Nfd7 13.Nd4 Bf6 14.Ndb5 Re8 15.Rfd1 g6 16.Bf1 Bg7
17.Re1 Qb8 18.Rbd1 Bf8 19.Bf4 Ra5 20.Bg3 Bg7 21.f3 Qd8 22.Bf2 Kh8 23.Bd3 Nxd3
24.Qxd3 Ba6 25.Qc2 Nc5 26.dxe6 fxe6 27.Bd4 e5 28.Bxc5 bxc5 29.Qd2 Bxb5 30.cxb5 Bf8
31.Qd5 Ra7 32.Qf7 Qe7 33.Qc4 Qe6 34.Qd5 h5 35.Qc6 Rb8 36.Qd5 Qg8 37.g3 Bh6
38.Qxg8+ Kxg8 39.Kf2 Kf7 40.Ke2 c4 41.Kf2 Ke6 42.Re2 Ra5 43.Rd5 Rf8 44.Rc2 Rb8
45.Ke2 Bg5 46.Nd1 Rbxb5 47.Rxb5 Rxb5 48.Rxc4 c5 49.Rxa4 Rb3 50.Rc4 h4 51.gxh4 Bxh4
52.Rc2 Bg5 53.Nc3 Rb7 54.Kd3 Kd7 55.Kc4 Kc6 56.b4 cxb4 57.axb4 Bd8 58.b5+ Kd7
59.Ra2 Rc7+ 60.Kb4 g5 61.Ra8 Rc5 62.Ra7+ Kc8 63.Rf7 Ba5+ 64.Kxa5 Rxc3 65.Ka6 Rc2
66.b6 Ra2+ 67.Kb5 Rxh2 68.Kc6 Rh8 69.Kxd6 Re8 70.b7+ Kb8 71.Kd7 Rg8 72.Ke6 g4
73.fxg4 Rxg4 74.Kxe5 Rg1 75.Kd5 Rd1+ 76.Ke6 Re1 77.e5 Rb1 78.Rd7 Re1 79.Kf6 Rf1+
80.Ke7  1-0

[Event "TCh-SWE 2003-4"]
[Site "Malmo SWE"]
[Date "2004.01.17"]
[Round "6"]
[White "Dzevlan,M"]
[Black "Bergstrom,C"]
[Result "1-0"]
[WhiteElo "2382"]
[BlackElo "2420"]

1.d4 Nf6 2.c4 e6 3.Nf3 b6 4.a3 Bb7 5.Nc3 Ne4 6.Nxe4 Bxe4 7.Nd2 Bb7 8.e4 g6
9.Bd3 Bg7 10.Nf3 d6 11.Bg5 Qd7 12.O-O O-O 13.Qd2 f6 14.Be3 d5 15.cxd5 exd5
16.e5 Nc6 17.exf6 Bxf6 18.Rac1 Rf7 19.Bb5 a6 20.Ba4 b5 21.Bb3 Re8 22.a4 Bg7
23.axb5 axb5 24.Ng5 Rfe7 25.Nf3 Nd8 26.Bf4 c6 27.Ne5 Bxe5 28.Bxe5 Nf7 29.f4 Nd6
30.Rf3 Bc8 31.Qb4 Nc4 32.Bc2 Qa7 33.Kh1 Qa2 34.f5 c5 35.Qxb5 Bd7 36.Qxc5 Qxb2
37.Rcf1 Qxc2 38.Qxd5+ Be6 39.fxe6 Nd2 40.R3f2 Qd3 41.Rd1 Qc4 42.Qa5 Ne4 43.Rf4 Qc2
44.Rdf1 Rxe6 45.Qa3  1-0